[Event "RUS GP rap"]
[White "Iljiushenok, Ilia"]
[Black "Makhno, Maria"]
[Site "Serpukhov"]
[Round "1"]
[Result "1-0"]
[Date "2018.02.23"]
[WhiteElo "2528"]
[BlackElo "1933"]
[PlyCount "61"]
[EventDate "2018.02.23"]
[EventType "swiss (rapid)"]
[EventRounds "11"]
[EventCountry "RUS"]
[SourceTitle "CBM 183 Extra"]
[Source "ChessBase"]
[SourceDate "2018.04.19"]
[SourceVersion "1"]
[SourceVersionDate "2018.04.19"]
[SourceQuality "1"]

1. c4 Nf6 2. Nf3 c6 3. b3 d5 4. Bb2 Bf5 5. g3 e6 6. Bg2 h6 7. 0-0 Be7 8. d3 0-0 9. Nbd2 Nbd7 10. Re1 Bh7 11. Qc2 a5 12. a3 b5 13. Rac1 Rc8 14. Qb1 Qb6 15. Qa1 b4 16. a4 Nc5 17. Ne5 Rfd8 18. Bd4 Qb8 19. Qb2 Bf8 20. Rc2 Nfd7 21. cxd5 cxd5 22. Rec1 Nxe5 23. Bxe5 Qa8 24. Nf3 Qa6 25. Bf1 Nd7 26. Bc7 Re8 27. Nd4 Nc5 28. Nb5 g5 29. Rxc5 Bxc5 30. Rxc5 Ra8 31. Qf6 1-0

[Event "St Petersburg Summer op"]
[White "Makhno, Maria"]
[Black "Sharikov, Andrey"]
[Site "St Petersburg"]
[Round "5"]
[Result "0-1"]
[Date "2017.08.20"]
[WhiteElo "1915"]
[BlackElo "2095"]
[PlyCount "120"]
[EventDate "2017.08.16"]
[EventType "swiss"]
[EventRounds "9"]
[EventCountry "RUS"]
[SourceTitle "CBM 180 Extra"]
[Source "ChessBase"]
[SourceDate "2017.10.06"]
[SourceVersion "1"]
[SourceVersionDate "2017.10.06"]
[SourceQuality "1"]

1. d4 e6 2. c4 Nf6 3. Nc3 d5 4. cxd5 exd5 5. Bg5 Be7 6. Qc2 0-0 7. e3 Be6 8. Nf3 Nbd7 9. Bd3 h6 10. Bf4 c5 11. 0-0 Nh5 12. Be5 Nxe5 13. Nxe5 cxd4 14. exd4 Qb6 15. Rad1 Rac8 16. Be2 Nf6 17. f4 Rfd8 18. Bf3 Bb4 19. g4 Qa5 20. Rc1 Ne4 21. f5 Bxc3 22. bxc3 Rxc3 23. fxe6 Rxc2 24. exf7+ Kh7 25. Rxc2 Qb4 26. Bxe4+ dxe4 27. Rc4 Qe7 28. a4 Rf8 29. Kg2 e3 30. Rc3 e2 31. Re1 Qb4 32. Rcc1 Qxd4 33. Rxe2 Rxf7 34. Rce1 Re7 35. Re4 Qd5 36. Kg3 a6 37. h4 b5 38. axb5 axb5 39. g5 hxg5 40. hxg5 g6 41. Ng4 Rxe4 42. Nf6+ Kg7 43. Nxe4 b4 44. Kf4 Qd3 45. Re3 Qd1 46. Nf6 b3 47. Ne4 b2 48. Nc3 Qf1+ 49. Kg4 Qf5+ 50. Kg3 Qxg5+ 51. Kf2 Qf5+ 52. Rf3 b1Q 53. Nxb1 Qxb1 54. Kg2 g5 55. Kh3 Kg6 56. Kg2 g4 57. Rf2 Kg5 58. Rf1 Qe4+ 59. Kg3 Qe2 60. Rf2 Qe3+ 0-1

[Event "Samara Polugaevsky Memorial 7th"]
[White "Ivlev, Aleksey"]
[Black "Makhno, Maria"]
[Site "Samara"]
[Round "5"]
[Result "1-0"]
[Date "2017.07.12"]
[WhiteElo "2253"]
[BlackElo "2007"]
[PlyCount "91"]
[EventDate "2017.07.08"]
[EventType "swiss"]
[EventRounds "9"]
[EventCountry "RUS"]
[SourceTitle "EXT 2018"]
[Source "ChessBase"]
[SourceDate "2017.10.13"]
[SourceVersion "1"]
[SourceVersionDate "2017.10.13"]
[SourceQuality "1"]

1. d4 d5 2. c4 c6 3. Nf3 Nf6 4. e3 a6 5. Bd3 Bg4 6. Nbd2 e6 7. 0-0 Nbd7 8. b3 Bd6 9. Bb2 Qe7 10. Qc2 e5 11. dxe5 Nxe5 12. Nxe5 Bxe5 13. Bxe5 Qxe5 14. Rae1 0-0 15. e4 Rfe8 16. h3 Bd7 17. Nf3 Qh5 18. e5 Ne4 19. Bxe4 dxe4 20. Qxe4 Bf5 21. Qe3 Re6 22. Nd4 Rh6 23. Rd1 Bg4 24. Rd2 Re8 25. f4 Be6 26. f5 Bc8 27. c5 g6 28. Rdf2 gxf5 29. Ne2 f6 30. Nf4 Qf7 31. Qg3+ Qg7 32. Qxg7+ Kxg7 33. e6 Bxe6 34. Re1 Kf7 35. Rfe2 Bd7 36. Rxe8 Bxe8 37. g3 Bd7 38. Rd1 Ke7 39. Kf2 Rg6 40. Nxg6+ hxg6 41. h4 Be6 42. Ke3 Bd5 43. Kf4 Kf7 44. Rd4 Be6 45. Rd8 Ke7 46. Rb8 1-0